000
00295nam a2200121Ia 4500
008
191201s2002 xx 000 0 und d
100
_a
CHARNEY, CY
245
4
_a
The Sales Person's Handbook
260
_a
N.Delhi
_b
Rupa and Co
_c
2002
300
_a
272
650
_a
General Books
942
_2
ddc
_c
BK
999
_c
3371
_d
3371